000 01235nam a2200337 i 4500
003 EG-ScBUE
005 20240222101727.0
008 180430s1997 ua a f b 000 0 ara d
017 _a1993 / 11336
020 _a9770703060
040 _aEG-ScBUE
_bara
_erda
_cEG-ScBUE
_dEG-ScBUE
043 _af-ua---
082 0 4 _a962.03
_bز ي د
_222
100 1 _aزيدان، جرجي.
_d1861-1914،
_eمؤلف.
245 1 0 _aمصر العثمانية /
_cتأليف جرجي زيدان ؛ تحقيق د. محمد حرب.
250 _aالطبعة الثانية.
264 1 _aالقاهرة :
_bدار الهلال،
_c1997.
300 _a317 صفحة :
_bإيضاحيات ؛
_c24 سم.
336 _2rdacontent
_aنص
_btxt
337 _aبدون وسيط
_2rdamedia
_bn
338 _aمجلد
_bnc
_2rdacarrier
490 0 _aكتاب الهلال ؛
_v517
504 _aيشتمل على إرجاعات ببليوجرافية.
541 _aالسفير علي الحفني ؛
_cإهداء ؛
650 _2BUEsh
651 7 _aمصر
_xتاريخ
_yالحكم العثماني، 1517-1882.
_2BUEsh
653 _bBUSBOL
_bGGEN
_cApril2018
655 _vReading book
700 1 _aحرب، محمد،
_eمحقق.
942 _2ddc
999 _c26619
_d26591